History - European History | 0 | 2 | 0 | 0 | 20 | 86 | 97.00 | 1 | 2 |
History - American History | 1 | 1 | 1 | 1 | 20 | 47 | 92.00 | 1 | 2 |
Other Science: Earth Science | 1 | 0 | 0 | 0 | 15 | 65 | 65.00 | 1 | 1 |
Geography | 1 | 0 | 0 | 0 | 15 | 52 | 52.00 | 1 | 1 |
Science - Biology | 0 | 1 | 0 | 0 | 10 | 111 | 111.00 | 1 | 1 |
Current Events | 0 | 1 | 0 | 0 | 10 | 123 | 123.00 | 0 | 1 |
Other Academic | 0 | 1 | 0 | 1 | 10 | 101 | 101.00 | 0 | 1 |
Social Science | 0 | 1 | 0 | 1 | 10 | 139 | 139.00 | 1 | 1 |
Science - Chemistry | 0 | 1 | 0 | 0 | 10 | 65 | 65.00 | 1 | 1 |
Other Science: Math | 0 | 1 | 0 | 0 | 10 | 147 | 147.00 | 0 | 1 |
Philosophy | 0 | 1 | 0 | 1 | 10 | 106 | 106.00 | 0 | 1 |
Science - Physics | 0 | 1 | 1 | 0 | 5 | 68 | 68.00 | 1 | 1 |
Beliefs | 0 | 0 | 0 | 0 | 0 | | 0.00 | 0 | 0 |
Literature - American Literature | 0 | 0 | 0 | 0 | 0 | | 0.00 | 0 | 0 |
Other Science: Astronomy | 0 | 0 | 1 | 0 | -5 | | 0.00 | 0 | 0 |